Revolución en la instrucción pública superior (Registro nro. 19710)

Detalles MARC
000 -ENCABEZADO
Número de control [NR] 01569nam a2200229Ia 4500
005 - FECHA Y HORA DE LA ÚLTIMA TRANSACCIÓN
control field 20221122142534.0
008 - DE LONGITUD FIJA DE DATOS DE ELEMENTOS - INFORMACIÓN GENERAL
Elementos de longitud fija [NR] 130821s1892 ck fr spa
040 ## - FUENTE DE CATALOGACION [NR]
Agencia de catalogación original [NR] Co-BoUCM
Idioma de catalogación [NR] spa
Quien Cataloga Sandra Yazo (modificó)
Quien Clasifica Sandra Yazo (modificó)
041 ## - CODIGO DE IDIOMA [R]
Código de idioma para texto/pista de sonido o título separado [R] Español
082 04 - NUMERO DE CLASIFICACION DECIMAL DEWEY [R]
Número de clasificación [R] 378.009
Número del ítem [NR] C17
092 ## - SIGNATURA TOPOGRAFICA LOCAL
Número de clasificación local E58N031
100 ## - ASIENTO PRINCIPAL--NOMBRE PERSONAL [NR]
Nombre personal [NR] Carrasquilla, Rafael María
ID Autoridad 80597
Títulos u otras palabras asociadas al nombre [R] Presbitero
245 10 - MENCION DE TITULO [NR]
Título [NR] Revolución en la instrucción pública superior
Mención de responsabilidad, etc. [NR] Rafael M. Carrasquilla
260 ## - PUBLICACION, DISTRIBUCION, ETC. (PIE DE IMPRENTA) [R]
Lugar de publicación, distribución, etc. [R] Bogotá (Colombia)
Nombre del editor, distribuidor, etc. [R] Tipografía Salesiana
Fecha de publicación, distribución, etc. [R] 1892
300 ## - DESCRIPCION FISICA [R]
Extensión [R] 63 páginas
Dimensiones [R] 24 x 17 cm.
500 ## - NOTA GENERAL [R]
Nota general [NR] Descripción física: Encuadernación rígida en cartón forrado en percalina, tapa delantera con texto en dorado. Guardas, la delantera con nota de donación (Para el doctor Rocha ... Juan Carrasquilla Botero, abril 1972). Portada impresa en una sola tinta. Texto impreso en una sola columna, algunas notas al pie de página. Papel muy oxidado, algunas rotureas en corte inferior. Encuadernación no es original. Página 47 con rotura y notoria intervención de restauración. Transferencia al AHUR en octubre 2022.
505 0# - NOTA DE CONTENIDO CON FORMATO PREESTABLECIDO [R]
Nota de contenido con formato preestablecido [NR] La universidad-- La universidad en la Edad Media -- El Colegio Universitario -- El antiguo Colegio del Rosario -- El actual Colegio del Rosario -- El Estado docente -- Intervención del Gobierno -- La universidad Nacional -- Nueva organización -- Hominem non habeo -- Final
506 ## - NOTA DE RESTRICCIONES DE ACCESO [R]
Condiciones de acceso [NR] Consulta en sala
650 #7 - ASIENTO SECUNDARIO DE MATERIA - TERMINO TEMATICO [R]
Término temático o nombre geográfico como elemento de entrada [NR] Educación superior
Subdivisión general [R] Historia
Subdivisión geográfica [R] Colombia
9 (RLIN) 41666
690 ## - ASUNTO AGREGADO LOCAL DE ENTRADA - TÉRMINO TEMÁTICO (OCLC, RLIN)
Acceso temático local Educación superior
9 (RLIN) 177
942 ## - ELEMENTOS DE ENTRADA AGREGADOS (KOHA)
Tipo de ítem principal el descrito en 300a Libro
Tema principal 1
Edición 1
Parte restante de la signatura top. C17
Sistema de clasificación LOCAL
Clasificación E58N031
Existencias
Suprimido Perdido Sistema de clasificación Dañado No prestable Tipo de ítem específico Ubicación habitual Ubicación actual Localización Fecha de creación Forma de adquisición Costo Total préstamos Total Renewals Signatura topográfica Código de barras Última vez visto Fecha de último préstamo Ejemplar Price effective from Tipo de ítem Nota pública (OPAC)
    LOCAL     Libro archivo Archivo Histórico Archivo Histórico Archivo histórico 28/02/2003 Donación 1000.00 4 3 E58N031 (Vitrina) L010764 03/10/2022 06/05/2022 Ej.1 03/02/2013 Libro En vitrina